Současná problematika ve výživě skotu a organizaci krmivové základny : sborník referátů 3. celostátní odborné instruktáže SŘVs, Čenkovice, 31. srpna až 2. září 1987 /

Other Authors: Šeda, Jan, 1946-
Language: Czech
Published: Rapotín : Základní pobočka ČSVTS Výzkumný ústav pro chov skotu, 1987
Physical Description: 229 s.
Book
Saved in:
LEADER 00883nam a2200253 a 4500
001 000035584
003 CZ BrMZK
005 20070103080258.0
007 ta
008 950313s1987 xr f cze d
015 |a cnb000038686 
035 |a (OCoLC)39435645 
040 |a BOA001  |b cze 
080 9 |a 636.085(063) 
245 0 0 |a Současná problematika ve výživě skotu a organizaci krmivové základny :  |b sborník referátů 3. celostátní odborné instruktáže SŘVs, Čenkovice, 31. srpna až 2. září 1987 /  |c sestavil Jan Šeda 
260 |a Rapotín :  |b Základní pobočka ČSVTS Výzkumný ústav pro chov skotu,  |c 1987 
300 |a 229 s. 
504 |a Obsahuje bibliografii 
700 1 |a Šeda, Jan,  |d 1946-  |7 uzp2009504054  |4 com 
910 |a BOA001  |b 2-0925.982 
964 |a Skot - výživa - sborníky 
964 |a Krmiva - skot - sborníky 
990 |a BK 
991 |b 200701